Memorias de la lucha sandinista. El crisol de las insurrecciones: Las Segovias, Managua y León.
| Main Author: | |
|---|---|
| Format: | Section = Libro |
| Language: | Undetermined Spanish |
| Published: |
Managua
Rosa Luxemburg Stiftung
2011
|
| Subjects: |
| LEADER | 00613nam a2200205Ia 4500 | ||
|---|---|---|---|
| 008 | 241007s9999||||xx |||||||||||||| ||und|| | ||
| 020 | |a 978-99964-0-089-6 | ||
| 040 | |a BIBLIOTECA-RURC/ 920 B197 | ||
| 041 | |a spa | ||
| 082 | |a 920 B197 | ||
| 100 | 1 | |a Baltodano, Mónica | |
| 245 | 1 | 0 | |a Memorias de la lucha sandinista. El crisol de las insurrecciones: Las Segovias, Managua y León. |
| 260 | |a Managua |b Rosa Luxemburg Stiftung |c 2011 | ||
| 300 | |a 488 p. :il. | ||
| 650 | 7 | |a LA GRANDEZA DE CARLOS FONSECA | |
| 650 | 7 | |b LAS SEGOVIAS DE SANDINO | |
| 650 | 7 | |c MANAGUA | |
| 942 | |c BK |2 ddc | ||
| 991 | |a TEXTO | ||
| 999 | |c 14592 | ||